000 00340nam a22001457a 4500
003 MACL
005 20160207130738.0
008 160207b xxu||||| |||| 00| 0 eng d
040 _cMACL
041 _aEnglish
100 _aDubey Shikher
_937291
245 _aI Believe I Can Fly
260 _aNew Delhi
_bNiyogi Offset
942 _2ddc
_cBK
999 _c53268
_d53268